书目信息 |
| 题名: |
数学建模
|
|
| 作者: | 梁国业 , 廖健平 编著 | |
| 分册: | ||
| 出版信息: | 北京 冶金工业出版社 2004.09 |
|
| 页数: | 391页 | |
| 开本: | 26cm | |
| 丛书名: | ||
| 单 册: | ||
| 中图分类: | O22 | |
| 科图分类: | ||
| 主题词: | 数学建模 | |
| 电子资源: | ||
| ISBN: | 7-5024-3613-8 | |
| 000 | 00773nam0 2200241 450 | |
| 001 | 010563634344 | |
| 005 | 20080303092005.62 | |
| 010 | @a7-5024-3613-8@dCNY39.00 | |
| 100 | @a20050322d2004 km y0chiy0120 ea | |
| 101 | 0 | @achi |
| 102 | @aCN@b110000 | |
| 105 | @aa a 000yy | |
| 200 | 1 | @a数学建模@Ashu xue jian mo@f梁国业, 廖健平编著@Fliang guo ye,liao jian ping bian zhu |
| 210 | @a北京@c冶金工业出版社@d2004.09 | |
| 215 | @a391页@c图@d26cm | |
| 320 | @a有书目。 | |
| 330 | @a本书系统化介绍了数学建模的相关知识,并按照模型的分类方法、性质精选了各领域数学建模范例进行了介绍。 | |
| 606 | 0 | @a数学建模 |
| 690 | @aO22@v4 | |
| 701 | 0 | @a梁国业@Aliang guo ye@4编著 |
| 701 | 0 | @a廖健平@Aliao jian ping@4编著 |
| 801 | 0 | @aCN@bQSSK@c20080303 |
| 905 | @a10447@dO22@eL404 | |
| 数学建模/梁国业, 廖健平编著.-北京:冶金工业出版社,2004.09 |
| 391页:图;26cm |
| ISBN 7-5024-3613-8:CNY39.00 |
| 本书系统化介绍了数学建模的相关知识,并按照模型的分类方法、性质精选了各领域数学建模范例进行了介绍。 |
| ● |
| 相关链接 |
|
|
|
正题名:数学建模
索取号:O22/L404
 
预约/预借
| 序号 | 登录号 | 条形码 | 馆藏地/架位号 | 状态 | 备注 |
| 1 | 479036 | 204790360 | 期刊室512/ [索取号:O22/L404] | 在馆 | |
| 2 | 527272 | 205272729 | 自科库401/401自科库 78排2列2层/ [索取号:O22/L404] | 在馆 | |
| 3 | 527273 | 205272738 | 数理学院资料室/ [索取号:O22/L404] | 在馆 |